|
|
|
|
| LEADER |
00000nam a22000007a 4500 |
| 005 |
20201117222251.0 |
| 007 |
cr|||| |||| |
| 008 |
201117s2020 br |||||s|||| 00||0 por d |
| 020 |
|
|
|a 978-85-8310-145-1
|
| 035 |
|
|
|a 32340
|
| 040 |
|
|
|a vLex
|
| 090 |
|
|
|c 10882
|d 10882
|
| 100 |
1 |
|
|a de Barros Carvalho, Paulo
|
| 245 |
1 |
0 |
|a Constructivismo lg̤ico-semńtico
|h [Recurso electrn̤ico] /
|c Paulo de Barros Carvalho, Aurora Tomazini de Carvalho
|n Volume 1
|
| 256 |
|
|
|a Servicio en ln̕ea
|
| 260 |
|
|
|a San Pablo:
|b Editora Noeses,
|c 2020
|
| 300 |
|
|
|a 1 recurso electrn̤ico
|
| 506 |
1 |
|
|a Disponible solo en los productos indicados
|d vLex Global
|d vLex Global (Academic Edition, excluding Law Schools)
|d vLex Global (U.S. Academic Edition, Law Schools)
|d vLex Global (U.S. Academic Edition, excluding Law Schools)
|d vLex Global (Academic Edition, Law Schools)
|
| 650 |
0 |
4 |
|a Ciencias sociales
|z Brasil
|
| 700 |
1 |
|
|a Tomazini de Carvalho, Aurora
|
| 740 |
0 |
|
|a vLex Libros (Servicio en ln̕ea)
|
| 856 |
4 |
0 |
|u http://vlex.com/source/constructivismo-logico-sem-ntico-volume-1-32340
|z Acceso restringido
|
| 942 |
|
|
|c BOOK
|
| 999 |
0 |
|
|a Social Sciences
|